[Event "chess.com SpeedChess Q2Sw"]
[Site "chess.com INT"]
[Date "2022.11.12"]
[Round "14"]
[White "Guzman Moneo, Alberto"]
[Black "Eynullayev, Atilla"]
[Result "0-1"]
[WhiteTitle "CM"]
[BlackTitle "FM"]
[WhiteElo "2146"]
[BlackElo "2281"]
[WhiteFideId "2209616"]
[BlackFideId "13413570"]
[EventDate "2022.11.12"]

1. e4 c5 2. Nc3 e6 3. Nge2 a6 4. g3 b5 5. Bg2 Bb7 6. O-O b4 7. Na4 Bc6 8. b3 Ne7
9. d4 cxd4 10. Nxd4 Bb7 11. Re1 Ng6 12. a3 Nc6 13. Nxc6 Bxc6 14. Nb2 Bc5 15. Nd3
Bd4 16. Ra2 Bc3 17. Bd2 Bxd2 18. Qxd2 bxa3 19. Qb4 Qe7 20. Rxa3 O-O 21. Qxe7
Nxe7 22. Nb4 Bb5 23. c4 a5 24. Nd3 Bc6 25. Rea1 Rfb8 26. Ne5 f6 27. Nd3 Kf7 28.
f4 Rb6 29. Kf2 Rab8 30. Ke3 Rxb3 31. Rxb3 Rxb3 32. Rxa5 Nc8 33. Bf3 Nd6 34. Kd4
Ke7 35. Ra7 f5 36. e5 Nc8 37. Bxc6 Nxa7 38. Ba4 Ra3 39. Nc5 Nc6+ 40. Bxc6 dxc6
41. Nd3 Ra2 42. h4 Rg2 43. Nb4 Kd7 44. Kc5 Rxg3 45. Nxc6 Rg4 46. Nb8+ Ke7 47.
Nc6+ Ke8 48. Kd6 Rxf4 49. c5 Rxh4 50. Kxe6 Rc4 51. Kxf5 Rxc5 52. Nd4 Ke7 0-1

[Event "chess.com SpeedChess Q2Sw"]
[Site "chess.com INT"]
[Date "2022.11.12"]
[Round "14"]
[White "Csonka, Balazs"]
[Black "Harshavardhan, G B"]
[Result "0-1"]
[WhiteTitle "IM"]
[BlackTitle "IM"]
[WhiteElo "2497"]
[BlackElo "2426"]
[WhiteFideId "742910"]
[BlackFideId "25059009"]
[EventDate "2022.11.12"]

1. e4 e5 2. Nf3 Nc6 3. Nc3 Nf6 4. d4 exd4 5. Nxd4 Nxe4 6. Nxc6 Nxc3 7. Nxd8 Nxd1
8. Nxf7 Nxf2 9. Nxh8 Nxh1 10. Be3 d5 11. Bd3 g6 12. O-O-O Bf5 13. Bxf5 gxf5 14.
Re1 Bg7 15. Bc5+ Kd7 16. Nf7 b6 17. Re7+ Kc6 18. Be3 Bf8 19. Re5 f4 20. Bxf4 Nf2
21. Ng5 h6 22. Nf3 Bd6 23. Re6 Kd7 24. Rf6 Ne4 25. Rf7+ Ke6 0-1

[Event "chess.com SpeedChess Q2Sw"]
[Site "chess.com INT"]
[Date "2022.11.12"]
[Round "14"]
[White "Xiong, Jeffery"]
[Black "Hakobyan, Aram"]
[Result "1-0"]
[WhiteTitle "GM"]
[BlackTitle "GM"]
[WhiteElo "2692"]
[BlackElo "2613"]
[WhiteFideId "2047640"]
[BlackFideId "13306677"]
[EventDate "2022.11.12"]

1. e4 c5 2. Nf3 d6 3. Nc3 a6 4. d4 cxd4 5. Qxd4 Nc6 6. Qd3 Nf6 7. Nd5 Nd7 8. Bg5
h6 9. Bh4 Nc5 10. Qe3 g5 11. Bg3 e6 12. Nc3 g4 13. Nd4 e5 14. Nxc6 bxc6 15. h3
gxh3 16. O-O-O hxg2 17. Bxg2 Qb6 18. Kb1 Rb8 19. b3 Be6 20. Bh3 a5 21. f4 a4 22.
Bxe6 Nxe6 23. Qxb6 Rxb6 24. Nxa4 Rb4 25. fxe5 Rg8 26. Be1 Rd4 27. Rxd4 Nxd4 28.
exd6 Bxd6 29. Rxh6 Bf4 30. Rh1 Rg2 31. Rh8+ Ke7 32. Bb4+ Kf6 33. Bc5 Nxc2 34.
Rc8 Ne1 35. Rxc6+ Ke5 36. Bd6+ Kd4 37. Bxf4 Kxe4 38. Rc4+ Kf5 39. Nc5 Nf3 40.
Bc1 Ne5 41. Rf4+ Kg6 42. a4 Rg1 43. a5 Nc6 44. a6 f5 45. Rc4 Kf7 46. Nd3 Ne7 47.
a7 1-0

[Event "chess.com SpeedChess Q2Sw"]
[Site "chess.com INT"]
[Date "2022.11.12"]
[Round "14"]
[White "Djordjevic, Vuk"]
[Black "Jones, Gawain C B"]
[Result "0-1"]
[WhiteTitle "IM"]
[BlackTitle "GM"]
[WhiteElo "2394"]
[BlackElo "2623"]
[WhiteFideId "902098"]
[BlackFideId "409561"]
[EventDate "2022.11.12"]

1. d4 d5 2. c4 e6 3. Nc3 a6 4. cxd5 exd5 5. Nf3 Be7 6. Qc2 Nf6 7. Bg5 O-O 8. e3
h6 9. h4 Nc6 10. a3 Re8 11. Bd3 hxg5 12. hxg5 Ne4 13. Bxe4 dxe4 14. Qxe4 Bxg5
15. Qh7+ Kf8 16. Qh8+ Ke7 17. Qxg7 Bf6 18. Qh7 Be6 19. O-O-O Qd7 20. d5 Bf5 21.
Qh6 Na5 22. Nd4 Bxd4 23. Qh4+ Bf6 24. Qb4+ Qd6 25. Qxa5 b6 26. Qa4 Bxc3 27. bxc3
Rh8 28. Kb2 Bg6 29. Qd4 Rxh1 30. Rxh1 Qf6 31. Qc4 Qxf2+ 32. Kb3 Qc2+ 33. Kb4
Qb2+ 34. Qb3 a5+ 35. Kc4 0-1

[Event "chess.com SpeedChess Q2Sw"]
[Site "chess.com INT"]
[Date "2022.11.12"]
[Round "14"]
[White "Lewtak, Damian"]
[Black "Melian, Juan Sebastian"]
[Result "1/2-1/2"]
[WhiteTitle "IM"]
[BlackTitle "CM"]
[WhiteElo "2385"]
[BlackElo "2150"]
[WhiteFideId "1141724"]
[BlackFideId "3706575"]
[EventDate "2022.11.12"]

1. g3 d5 2. Bg2 Nf6 3. b3 c6 4. Bb2 Bf5 5. e3 h6 6. c3 Nbd7 7. c4 e5 8. Nc3 Nc5
9. Bf1 d4 10. Na4 Nd3+ 11. Bxd3 Bxd3 12. Ne2 Be4 13. O-O dxe3 14. dxe3 Qxd1 15.
Raxd1 Bf3 16. Rfe1 Nd7 17. Kf1 Bb4 18. Bc3 Bxc3 19. Naxc3 Ke7 20. Rd2 Rhd8 21.
Ng1 Bg4 22. f3 Be6 23. Red1 Nc5 24. Rxd8 Rxd8 25. Rxd8 Kxd8 26. Ke2 a5 27. Kd2
f5 28. Nge2 Kc7 29. Nc1 Kd7 30. Nd3 Kd6 31. f4 exf4 32. exf4 Nd7 33. Ke3 b6 34.
Kd4 g5 35. fxg5 hxg5 36. h4 gxh4 37. gxh4 Bf7 38. Ne2 Bh5 39. Ng3 Bg4 40. Ke3
Ne5 41. Nf4 Kc5 42. h5 Nf7 43. Nd3+ Kd6 44. Kf4 Ke6 45. c5 b5 46. a4 bxa4 47.
bxa4 Kf6 48. h6 Nxh6 49. Ne5 Bd1 50. Nxc6 Bxa4 51. Nxa5 Ke6 52. c6 Kd6 53. Kg5
Bxc6 54. Kxh6 f4 55. Nf1 Bd5 56. Kg5 Kc5 57. Kxf4 Kb5 58. Ne3 Kxa5 1/2-1/2

[Event "chess.com SpeedChess Q2Sw"]
[Site "chess.com INT"]
[Date "2022.11.12"]
[Round "14"]
[White "Dudzinski, Pawel"]
[Black "Podobnik, Marijan"]
[Result "0-1"]
[WhiteTitle "FM"]
[BlackTitle "FM"]
[WhiteElo "2186"]
[BlackElo "2118"]
[WhiteFideId "1117890"]
[BlackFideId "14502151"]
[EventDate "2022.11.12"]

1. e4 Nf6 2. e5 Nd5 3. Nc3 e6 4. Nxd5 exd5 5. d4 d6 6. exd6 Bxd6 7. Nf3 O-O 8.
Be2 Bf5 9. O-O Nd7 10. c3 c6 11. Re1 Qc7 12. h3 h6 13. Nh4 Bh7 14. Bd3 Bxd3 15.
Qxd3 Bf4 16. Nf5 Bxc1 17. Raxc1 Rae8 18. Re3 Nf6 19. Rce1 Rxe3 20. Rxe3 Re8 21.
Rxe8+ Nxe8 22. Qe3 Kf8 23. g3 Nf6 24. Qe5 Qxe5 25. dxe5 Nd7 26. f4 h5 27. Kf2 g6
28. Nd6 b6 29. Ke3 c5 30. b4 a5 31. bxa5 bxa5 32. Kd3 Ke7 33. Kc2 Ke6 34. a4 Nb6
35. Kb3 f6 36. Nb7 fxe5 37. Nxc5+ Kf5 38. fxe5 Kxe5 39. Nb7 Nc4 40. Kc2 Ke4 41.
g4 hxg4 42. hxg4 Kf4 43. Nd8 Kxg4 44. Ne6 g5 45. Kd3 Kh4 46. Kd4 Nb6 0-1

[Event "chess.com SpeedChess Q2Sw"]
[Site "chess.com INT"]
[Date "2022.11.12"]
[Round "14"]
[White "Harsha, Bharathakoti"]
[Black "Oparin, Grigoriy"]
[Result "1/2-1/2"]
[WhiteTitle "GM"]
[BlackTitle "GM"]
[WhiteElo "2582"]
[BlackElo "2683"]
[WhiteFideId "5078776"]
[BlackFideId "24125890"]
[EventDate "2022.11.12"]

1. e4 c5 2. Nf3 d6 3. Bb5+ Bd7 4. Bxd7+ Nxd7 5. O-O Ngf6 6. Qe2 e6 7. c3 Be7 8.
d4 O-O 9. e5 Ne8 10. exd6 Nxd6 11. Rd1 cxd4 12. Nxd4 Qc7 13. Bf4 e5 14. Bxe5
Nxe5 15. Qxe5 Bf6 16. Qf4 Qb6 17. Nb3 Rfe8 18. Na3 Ne4 19. Nc4 Qc6 20. Nd6 Nxd6
21. Rxd6 Qb5 22. Qf3 a5 23. Rd2 Rad8 24. Rxd8 Rxd8 25. Rd1 Rxd1+ 26. Qxd1 a4 27.
Nd2 Qxb2 28. Qxa4 g6 29. Nf1 Bxc3 30. Qb3 Kf8 31. Qxb2 Bxb2 32. Ne3 Bd4 33. Nc2
Bc5 34. Kf1 Ke7 35. Ke2 Kd6 36. f3 Kd5 37. Kd3 f5 38. h3 Bd6 39. Ne3+ Kc5 40.
Nc2 Be5 41. g4 fxg4 42. fxg4 Bf6 43. Ne3 Bg7 44. Nc4 Kb4 45. Nd6 b6 46. Kc2 Kc5
47. Ne4+ Kd4 48. Ng5 Ke3 49. Nxh7 Kf4 50. Kb3 Kg3 51. Ng5 Kh4 52. Ne6 Bf6 53.
Kc4 g5 54. Kb5 Kxh3 55. Kxb6 Kxg4 56. a4 Kf5 57. Nxg5 Bxg5 58. a5 Be3+ 59. Kb7
Ke4 60. a6 Bd4 61. a7 Bxa7 1/2-1/2

[Event "chess.com SpeedChess Q2Sw"]
[Site "chess.com INT"]
[Date "2022.11.12"]
[Round "14"]
[White "Goltsev, Dmitry"]
[Black "Rustemov, Alexander"]
[Result "1-0"]
[WhiteTitle "FM"]
[BlackTitle "GM"]
[WhiteElo "2232"]
[BlackElo "2525"]
[WhiteFideId "24176710"]
[BlackFideId "4119002"]
[EventDate "2022.11.12"]

1. e4 e6 2. d4 d5 3. exd5 exd5 4. Nf3 Bf5 5. Bd3 Bxd3 6. Qxd3 Nc6 7. O-O Bd6 8.
c4 dxc4 9. Qxc4 Nge7 10. Nc3 O-O 11. Bg5 h6 12. Bh4 Qd7 13. Rfe1 Nf5 14. Bg3
Nxg3 15. hxg3 Rfe8 16. Ne4 Rad8 17. Rad1 a6 18. a3 Qf5 19. Nxd6 Rxe1+ 20. Rxe1
Rxd6 21. Re8+ Kh7 22. g4 Qd7 23. Qd3+ g6 24. Qe3 Re6 25. Ng5+ Kg7 26. Nxe6+ fxe6
27. Qxe6 Qxe6 28. Rxe6 Kf7 29. d5 Ne7 30. Re5 g5 31. g3 Ng6 32. f4 Nxe5 33. fxe5
c6 34. d6 Ke6 35. Kf2 c5 36. Ke3 b5 37. Kd3 Kd7 38. Ke3 Ke6 39. Ke4 a5 40. Kd3
a4 41. Ke3 Kd7 42. Kd2 Kc6 43. Kc3 Kd7 44. Kd3 Kc6 45. Ke4 b4 46. Kd3 Kb5 47. d7
c4+ 48. Kc2 1-0

[Event "chess.com SpeedChess Q2Sw"]
[Site "chess.com INT"]
[Date "2022.11.12"]
[Round "14"]
[White "Quispe Arteaga, Gabriel"]
[Black "Koc, Przemyslaw"]
[Result "1-0"]
[WhiteTitle "FM"]
[WhiteElo "2374"]
[BlackElo "2346"]
[WhiteFideId "32059809"]
[BlackFideId "1109081"]
[EventDate "2022.11.12"]

1. c4 f5 2. g4 fxg4 3. e4 d6 4. Nc3 e5 5. Be2 Nf6 6. d3 Be7 7. Be3 Nc6 8. h3
gxh3 9. Nxh3 Bxh3 10. Rxh3 Qd7 11. Rh1 O-O-O 12. Nd5 Kb8 13. b4 Nd4 14. Bxd4
exd4 15. Nxf6 Bxf6 16. f4 g5 17. f5 Be5 18. Bh5 Qe7 19. Qb3 Bf4 20. Ke2 Rhf8 21.
Bg4 Rf6 22. Raf1 h6 23. Kd1 Qe5 24. Rf2 Be3 25. Rf3 b6 26. b5 a6 27. a4 Kb7 28.
Rfh3 Qf4 29. Be2 g4 30. Rh4 h5 31. bxa6+ Ka7 32. Qb5 Bf2 33. Qc6 Rf7 34. Rxh5
Kxa6 35. Rh7 Rdf8 36. Rxf7 Rc8 37. Rxc7 Rxc7 38. Qxc7 Ka5 39. Qc6 Kb4 40. Kc2
Qe3 41. Qb5+ Ka3 42. Ra1# 1-0

[Event "chess.com SpeedChess Q2Sw"]
[Site "chess.com INT"]
[Date "2022.11.12"]
[Round "14"]
[White "Al-Tarboush, Ward"]
[Black "Begunov, Konstantin"]
[Result "1-0"]
[WhiteTitle "FM"]
[BlackTitle "FM"]
[WhiteElo "2238"]
[BlackElo "2325"]
[WhiteFideId "7601450"]
[BlackFideId "4118510"]
[EventDate "2022.11.12"]

1. e4 c5 2. Nf3 d6 3. d4 cxd4 4. Nxd4 Nf6 5. Nc3 a6 6. h3 b5 7. g4 Bb7 8. Bg2 e6
9. g5 b4 10. gxf6 bxc3 11. fxg7 Bxg7 12. bxc3 Qc7 13. Bd2 Nc6 14. Nxc6 Bxc6 15.
O-O Bf6 16. Bf4 Ke7 17. Rb1 Rhg8 18. Qd3 Rg6 19. Bg3 Rag8 20. Rfe1 Be5 21. Re3
Bb5 22. c4 Bxc4 23. Qa3 Bxg3 24. Rxg3 Bb5 25. Kh2 Qxc2 26. Rb2 Qc5 27. Qf3 Qe5
28. Rc2 h5 29. Rc7+ Bd7 30. h4 Rg4 31. Kh3 Kd8 32. Ra7 f6 33. Ra8+ Ke7 34. Rxg8
Rxg8 35. Rxg8 Qd4 36. Qg3 d5 37. Rg7+ Kd8 38. Qb8+ Bc8 39. Qc7+ Ke8 40. Qe7# 1-0

[Event "chess.com SpeedChess Q2Sw"]
[Site "chess.com INT"]
[Date "2022.11.12"]
[Round "14"]
[White "Gurevich, Dmitry"]
[Black "Primbetov, Kazbek"]
[Result "1-0"]
[WhiteTitle "GM"]
[BlackTitle "FM"]
[WhiteElo "2396"]
[BlackElo "2156"]
[WhiteFideId "2000407"]
[BlackFideId "13702297"]
[EventDate "2022.11.12"]

1. d4 Nf6 2. c4 e6 3. g3 d5 4. Bg2 c5 5. cxd5 exd5 6. Nf3 Nc6 7. O-O Be6 8. Nc3
Be7 9. Bg5 Ne4 10. Bxe7 Qxe7 11. Rc1 Nxc3 12. Rxc3 c4 13. Ne5 Nxe5 14. dxe5 Rd8
15. Qa4+ Qd7 16. Qxa7 O-O 17. Qd4 b5 18. a3 Qe7 19. f4 g6 20. e3 b4 21. axb4
Qxb4 22. Rf2 Rd7 23. h3 h5 24. Kh2 Ra8 25. Bf3 Ra1 26. Qd2 Rda7 27. g4 hxg4 28.
hxg4 Qe7 29. Kg3 Qd7 30. Qd4 R7a2 31. e4 dxe4 32. Qxd7 Bxd7 33. Bxe4 Re1 34. Bd5
Rb1 35. Rcc2 Ba4 36. Bxc4 Bxc2 37. Bxa2 Rxb2 38. Bd5 Kf8 39. Kh4 1-0

[Event "chess.com SpeedChess Q2Sw"]
[Site "chess.com INT"]
[Date "2022.11.12"]
[Round "14"]
[White "Zemlyanskii, Ivan"]
[Black "Costachi, Mihnea"]
[Result "0-1"]
[WhiteTitle "FM"]
[BlackTitle "IM"]
[WhiteElo "2237"]
[BlackElo "2476"]
[WhiteFideId "24249971"]
[BlackFideId "1217518"]
[EventDate "2022.11.12"]

1. d4 Nf6 2. c4 g6 3. Nc3 Bg7 4. e4 O-O 5. Nf3 d6 6. Be2 Na6 7. O-O e5 8. Be3 c6
9. dxe5 dxe5 10. Qxd8 Rxd8 11. h3 Nh5 12. Rfd1 Re8 13. c5 Nc7 14. Nd2 Nf4 15.
Nc4 Nce6 16. Nd6 Rd8 17. Bc4 Bf8 18. g3 Nh5 19. b4 b5 20. Bb3 a5 21. bxa5 Nf6
22. Bg5 Nxg5 23. h4 Ne6 24. a4 b4 25. Na2 Bxd6 26. cxd6 Nd4 27. Bc4 c5 28. Nc1
Bg4 29. Rd3 Nxe4 30. Bd5 Nxd6 31. Bxa8 Rxa8 32. Ra2 c4 33. Re3 b3 34. Rd2 Rb8
35. Rb2 Bd1 36. a6 f6 37. Rc3 Ra8 38. Kf1 Rxa6 0-1

[Event "chess.com SpeedChess Q2Sw"]
[Site "chess.com INT"]
[Date "2022.11.12"]
[Round "14"]
[White "Ladan, Nicholas"]
[Black "Liyanage, Ranindu Dilshan"]
[Result "1-0"]
[BlackTitle "FM"]
[WhiteElo "2091"]
[BlackElo "2331"]
[WhiteFideId "30918855"]
[BlackFideId "9915834"]
[EventDate "2022.11.12"]

1. d4 Nf6 2. c4 e6 3. g3 d5 4. Nf3 dxc4 5. Bg2 a6 6. Ne5 Bb4+ 7. Nc3 Nd5 8. Bd2
b5 9. O-O Bxc3 10. bxc3 Bb7 11. e4 Nf6 12. Bg5 h6 13. Bxf6 Qxf6 14. Qg4 O-O 15.
f4 Bc8 16. Nd7 Bxd7 17. e5 Qe7 18. Bxa8 Nc6 19. Bb7 Rb8 20. Bxc6 Bxc6 21. f5
exf5 22. Qxf5 Bd5 23. a4 b4 24. cxb4 Rxb4 25. Rab1 c3 26. Qd3 g6 27. Qxc3 Rc4
28. Qe3 Kg7 29. Qf4 Rc2 30. Qf6+ Qxf6 31. exf6+ Kh7 32. Rf2 Rc4 33. Rb8 Rxa4 34.
Re2 Rxd4 35. Ree8 g5 36. Rg8 Rd1+ 37. Kf2 1-0

[Event "chess.com SpeedChess Q2Sw"]
[Site "chess.com INT"]
[Date "2022.11.12"]
[Round "14"]
[White "Andreev, Eduard UKR"]
[Black "Sadovsky, Artem"]
[Result "1-0"]
[WhiteTitle "GM"]
[BlackTitle "IM"]
[WhiteElo "2413"]
[BlackElo "2276"]
[WhiteFideId "14103400"]
[BlackFideId "4155840"]
[EventDate "2022.11.12"]

1. e4 g6 2. d4 Bg7 3. Nf3 d6 4. Bc4 e6 5. Nc3 h6 6. Be3 Ne7 7. Qd2 a6 8. a4 b6
9. O-O Bb7 10. h3 Nd7 11. a5 b5 12. Bd3 g5 13. Ne2 Ng6 14. Rfe1 Nf6 15. Ng3 Nh4
16. Qe2 Nxf3+ 17. Qxf3 O-O 18. Qe2 d5 19. e5 Ne4 20. Nh5 f5 21. exf6 Nxf6 22.
Nxg7 Kxg7 23. Bd2 Ne4 24. f3 Nf6 25. Qxe6 Bc8 26. Qe7+ Qxe7 27. Rxe7+ Rf7 28.
Rae1 Bd7 29. Bb4 Rf8 30. Rxf7+ Rxf7 31. Re7 Rxe7 32. Bxe7 Kf7 33. Bd8 c6 34.
Bxf6 Kxf6 35. b4 h5 36. Kh2 h4 37. g3 Be6 38. c3 Bd7 39. f4 hxg3+ 40. Kxg3 gxf4+
41. Kxf4 Bxh3 42. Be2 Ke6 43. Bg4+ Bxg4 44. Kxg4 Ke7 45. Kg5 Kf7 46. Kf5 Ke7 47.
Ke5 Kd7 48. Kf6 Kd8 49. Ke6 Kc8 50. Kd6 Kb7 51. Kd7 Kb8 52. Kxc6 Ka7 53. Kxd5
Ka8 54. Kc6 Ka7 55. d5 Ka8 56. d6 1-0

[Event "chess.com SpeedChess Q2Sw"]
[Site "chess.com INT"]
[Date "2022.11.12"]
[Round "14"]
[White "Alekseenko, Kirill"]
[Black "Sarana, Alexey"]
[Result "0-1"]
[WhiteTitle "GM"]
[BlackTitle "GM"]
[WhiteElo "2687"]
[BlackElo "2668"]
[WhiteFideId "4135539"]
[BlackFideId "24133795"]
[EventDate "2022.11.12"]

1. e4 c5 2. Nf3 d6 3. d4 cxd4 4. Nxd4 Nf6 5. Nc3 a6 6. Bd3 g6 7. Be3 Ng4 8. Bg5
Bg7 9. Be2 h6 10. Bh4 Nf6 11. O-O Nc6 12. Nb3 O-O 13. Re1 b5 14. Bf1 Bb7 15. a4
b4 16. Nd5 Nd7 17. Rb1 g5 18. Bg3 Nde5 19. f4 gxf4 20. Nxf4 Kh7 21. Nh5 Bh8 22.
Kh1 Rg8 23. Be2 Qd7 24. Rf1 Rg5 25. Bf4 Rg6 26. Ng3 Rag8 27. Bh5 Rf6 28. Qe2 Ng6
29. Be3 Nce5 30. Nd4 e6 31. b3 Qe7 32. Bd2 a5 33. Qe3 Bg7 34. Be2 Rxf1+ 35. Rxf1
Qh4 36. h3 Bf8 37. Kh2 d5 38. exd5 Bxd5 39. Ndf5 exf5 40. Nxf5 Qe4 41. Qf2 Nf4
42. Bf3 Nxf3+ 43. Qxf3 Rxg2+ 0-1

[Event "chess.com SpeedChess Q2Sw"]
[Site "chess.com INT"]
[Date "2022.11.12"]
[Round "14"]
[White "Tokhirjonova, Gulrukhbegim"]
[Black "Musovic, Armin"]
[Result "0-1"]
[WhiteTitle "WGM"]
[BlackTitle "FM"]
[WhiteElo "2328"]
[BlackElo "2276"]
[WhiteFideId "14203626"]
[BlackFideId "939935"]
[EventDate "2022.11.12"]

1. e4 c6 2. d4 d5 3. e5 c5 4. dxc5 Nc6 5. a3 e6 6. Nf3 Bxc5 7. b4 Bb6 8. Be2
Nge7 9. O-O h6 10. Bb2 g5 11. Nbd2 Ng6 12. c4 g4 13. Ne1 Bd4 14. Bxd4 Nxd4 15.
Bxg4 h5 16. Bh3 Nf4 17. Nef3 Nxh3+ 18. gxh3 Nf5 19. Kh1 dxc4 20. Ne4 Qxd1 21.
Raxd1 Ke7 22. Nf6 b5 23. h4 Rb8 24. Ng5 Bb7+ 25. f3 Rbd8 26. Kg1 Ne3 27. Rxd8
Rxd8 28. Re1 c3 29. Rxe3 c2 30. Rc3 Rc8 31. Rxc2 Rxc2 32. Nxh5 Re2 33. f4 Rg2+
34. Kf1 Rxh2 35. Ng3 Rxh4 36. Ne2 Rh1+ 37. Kf2 Ra1 38. Nd4 Ra2+ 39. Ke1 a6 40.
f5 Rxa3 41. f6+ Ke8 42. Kd2 Bd5 43. Ke2 Rc3 44. Ngf3 Bxf3+ 45. Nxf3 Rb3 0-1

[Event "chess.com SpeedChess Q2Sw"]
[Site "chess.com INT"]
[Date "2022.11.12"]
[Round "14"]
[White "Gheorghiu, Calin"]
[Black "Baches Garcia, Guillermo"]
[Result "1-0"]
[WhiteTitle "FM"]
[BlackTitle "IM"]
[WhiteElo "2300"]
[BlackElo "2326"]
[WhiteFideId "1200305"]
[BlackFideId "2209764"]
[EventDate "2022.11.12"]

1. e4 c5 2. Nf3 d6 3. d4 cxd4 4. Nxd4 Nf6 5. Nc3 Nc6 6. Bg5 e6 7. Qd2 h6 8. Bh4
Nxe4 9. Nxe4 Qxh4 10. Qe3 d5 11. Nxc6 bxc6 12. Ng3 Qb4+ 13. c3 Qxb2 14. Rd1 Qb6
15. Qf3 Be7 16. Bd3 O-O 17. O-O Ba6 18. Nh5 Bxd3 19. Rxd3 g6 20. Qf4 Bg5 21. Qe5
gxh5 22. Rg3 f6 23. Qxe6+ Kg7 24. h4 Qc7 25. hxg5 hxg5 26. f4 Rae8 27. Qh3 Kg6
28. fxg5 fxg5 29. Rxf8 Rxf8 30. Qe6+ Rf6 31. Qg8+ Kh6 32. Qxg5+ Kh7 33. Qg8+ Kh6
34. Qh8+ Qh7 35. Qxf6+ 1-0

[Event "chess.com SpeedChess Q2Sw"]
[Site "chess.com INT"]
[Date "2022.11.12"]
[Round "14"]
[White "Danielyan, Vahe"]
[Black "Bok, Benjamin"]
[Result "0-1"]
[WhiteTitle "IM"]
[BlackTitle "GM"]
[WhiteElo "2307"]
[BlackElo "2618"]
[WhiteFideId "13304828"]
[BlackFideId "1017063"]
[EventDate "2022.11.12"]

1. e4 c5 2. Nc3 d6 3. f4 g6 4. Nf3 Bg7 5. Bc4 Nc6 6. O-O e6 7. d3 Nge7 8. a4 O-O
9. Re1 b6 10. Be3 Nd4 11. Bf2 Bb7 12. Ba2 Nec6 13. h3 Qd7 14. Ng5 Nb4 15. Bb3
Nxb3 16. cxb3 Ba6 17. Re3 d5 18. Rg3 h6 19. Nf3 Nxd3 20. Qc2 Nxf4 21. Rd1 d4 22.
e5 Qc6 23. Rg4 dxc3 24. Rxf4 cxb2 25. Qxb2 Rad8 26. Re1 Rd3 27. b4 cxb4 28. Qxb4
Rc8 29. Qe7 Rd7 30. Qb4 Qc3 31. Qb1 Bd3 32. Qd1 Rcd8 33. Re3 g5 34. Rg4 Bf5 35.
Qxd7 Qc1+ 36. Re1 Qxe1+ 37. Nxe1 Rxd7 38. Rb4 Bxe5 39. g4 Bg6 40. Rc4 Kg7 41.
Kg2 Bf6 42. Rc8 Rd2 43. Kf1 Ra2 44. Nf3 Bd3+ 45. Kg1 Ra1+ 46. Kg2 Be4 47. Kg3
Ra3 0-1

[Event "chess.com SpeedChess Q2Sw"]
[Site "chess.com INT"]
[Date "2022.11.12"]
[Round "14"]
[White "Duda, Jan-Krzysztof"]
[Black "Deac, Bogdan-Daniel"]
[Result "1-0"]
[WhiteTitle "GM"]
[BlackTitle "GM"]
[WhiteElo "2731"]
[BlackElo "2700"]
[WhiteFideId "1170546"]
[BlackFideId "1226380"]
[EventDate "2022.11.12"]

1. d4 Nf6 2. Bg5 d5 3. e3 c5 4. Bxf6 exf6 5. c3 Nc6 6. dxc5 Bxc5 7. Nd2 Be6 8.
Nb3 Bb6 9. g3 O-O 10. Bg2 f5 11. Ne2 Qf6 12. Nf4 Rfd8 13. Nd4 Nxd4 14. exd4 Bc7
15. Qd2 Qh6 16. Nd3 Qxd2+ 17. Kxd2 a5 18. a4 Bd6 19. Rhe1 Kf8 20. Re2 Rab8 21.
Rae1 b5 22. axb5 Rxb5 23. Rxe6 fxe6 24. Rxe6 a4 25. Re1 Ra8 26. Ra1 Raa5 27. Kc2
g6 28. h4 Ke7 29. Bf3 Kd7 30. h5 g5 31. Be2 Rb6 32. Kb1 Rb7 33. b4 Raa7 34. Ra3
Kc6 35. Kc2 Re7 36. Kd2 f4 37. g4 Re8 38. Bf3 Rb8 39. Kc1 Rb6 40. Ne1 Rb8 41.
Nc2 Re8 42. c4 Kc7 43. c5 Bf8 44. Bxd5 Re2 45. b5 Ra5 46. b6+ Kb8 47. Nb4 Bxc5
48. Nc6+ Kc8 49. b7+ Kd7 50. b8=Q Bxa3+ 51. Kd1 1-0

[Event "chess.com SpeedChess Q2Sw"]
[Site "chess.com INT"]
[Date "2022.11.12"]
[Round "14"]
[White "Jegorovas, Aleksandras"]
[Black "Vaibhav, Jayant Raut"]
[Result "1-0"]
[WhiteTitle "FM"]
[BlackTitle "CM"]
[WhiteElo "2270"]
[BlackElo "2247"]
[WhiteFideId "12801950"]
[BlackFideId "5089034"]
[EventDate "2022.11.12"]

1. Nf3 Nf6 2. c4 e6 3. Nc3 d5 4. d4 Bb4 5. e3 O-O 6. Bd3 dxc4 7. Bxc4 c5 8. O-O
Bxc3 9. bxc3 Nc6 10. Bd3 Qc7 11. Bb2 e5 12. dxe5 Nxe5 13. Nxe5 Qxe5 14. Qe2 Ng4
15. g3 Qh5 16. h4 Be6 17. c4 Rfd8 18. Rad1 g5 19. f3 Nh6 20. hxg5 Qxg5 21. g4 f5
22. Qg2 Qxe3+ 23. Kh1 fxg4 24. Bc1 Qe5 25. Bxh6 g3 26. Bc1 Qh5+ 27. Kg1 Kf7 28.
Be4 Qe5 29. Rxd8 Rxd8 30. Bb2 Qg5 31. f4 Qh4 32. f5 Bxc4 33. Re1 Qf4 34. Bc1 Qd6
35. Be3 h5 36. Bf3 h4 37. Bh5+ Kg8 38. Qe4 Bd5 39. Qxh4 Rf8 40. Bf4 Qb6 41. Qg5+
Kh8 42. Re7 Qb1+ 43. Bc1 Qxf5 44. Qg7# 1-0

[Event "chess.com SpeedChess Q2Sw"]
[Site "chess.com INT"]
[Date "2022.11.12"]
[Round "14"]
[White "Meier, Georg"]
[Black "Firat, Burak"]
[Result "0-1"]
[WhiteTitle "GM"]
[BlackTitle "GM"]
[WhiteElo "2615"]
[BlackElo "2460"]
[WhiteFideId "4675789"]
[BlackFideId "6305881"]
[EventDate "2022.11.12"]

1. Nf3 c5 2. e4 d6 3. Bb5+ Nd7 4. d4 cxd4 5. Qxd4 a6 6. Bxd7+ Bxd7 7. Bg5 h6 8.
Bh4 Qa5+ 9. Nc3 e5 10. Qd3 Rc8 11. O-O-O Be6 12. Nd2 g5 13. Bg3 Nf6 14. h4 g4
15. f4 Be7 16. h5 Rg8 17. a3 b5 18. Kb1 b4 19. axb4 Qxb4 20. fxe5 dxe5 21. Bxe5
Nd7 22. Bd4 Nc5 23. Bxc5 Qxc5 24. Nd5 Bg5 25. Rhf1 Rb8 26. Nb3 Qc8 27. Nd4 Kf8
28. Nf5 Rb5 29. Qa3+ Qc5 30. Qxa6 Rb8 31. Rd3 Bxf5 32. exf5 Kg7 33. f6+ Kh7 34.
Qa3 Qb5 35. Qb3 Qa6 36. Qa2 Qe6 37. Rfd1 Rgc8 38. Qa4 Qe2 39. c3 Qxb2# 0-1

[Event "chess.com SpeedChess Q2Sw"]
[Site "chess.com INT"]
[Date "2022.11.12"]
[Round "14"]
[White "Zhu, Jiner"]
[Black "Pakleza, Zbigniew"]
[Result "1-0"]
[WhiteTitle "WGM"]
[BlackTitle "GM"]
[WhiteElo "2486"]
[BlackElo "2496"]
[WhiteFideId "8608059"]
[BlackFideId "1119290"]
[EventDate "2022.11.12"]

1. e4 d6 2. d4 Nf6 3. Nc3 c6 4. Be3 Qb6 5. a3 Ng4 6. Bc1 e5 7. Nf3 Nd7 8. h3
Ngf6 9. Be3 Qc7 10. Bc4 Be7 11. Ba2 O-O 12. O-O b5 13. b4 Bb7 14. Qe2 h6 15.
Rfd1 Rfe8 16. Bb3 Bf8 17. dxe5 dxe5 18. a4 Bxb4 19. Na2 Bc5 20. axb5 cxb5 21.
Nc3 Bxe3 22. Qxe3 a6 23. Nh4 Nc5 24. Nf5 Ncxe4 25. Nxe4 Bxe4 26. Nd6 Bg6 27.
Nxe8 Rxe8 28. Rxa6 Re7 29. Rda1 Kh7 30. Ra7 Qd8 31. Rxe7 Qxe7 32. Ra7 Qe8 33.
Qc5 e4 34. Qe7 Qxe7 35. Rxe7 Kg8 36. Rb7 Ne8 37. Rxb5 Kf8 38. Rb8 Ke7 39. c4 Nc7
40. c5 f5 41. Rb6 Be8 42. Kf1 f4 43. Ke2 Bd7 44. Bc4 h5 45. h4 1-0